| 000 | 00667nam a22002297a 4500 | ||
|---|---|---|---|
| 005 | 20170124105952.0 | ||
| 010 | _aB-041446 | ||
| 020 |
_c425.00 _a8123017661 |
||
| 035 | _aB-041446 | ||
| 037 | _bCen Lib/Ret | ||
| 040 |
_aDPL _bEN |
||
| 082 |
_a055.43 _bPER |
||
| 100 |
_aPerkovich D. _913925 |
||
| 245 |
_aMicrosoft MCSE Readiness review / _c by Perkovich D. |
||
| 260 |
_aNew Delhi _c1977 _bPrentice hall of India |
||
| 270 |
_bNew Delhi _aCannuaght place |
||
| 300 |
_axix,322p. _c212(Hb) |
||
| 500 | _aIncludes index | ||
| 650 |
_aComputer science _913926 |
||
| 650 |
_aProgramming language _913927 |
||
| 942 |
_2ddc _cEN _h055.43 _mPER |
||
| 999 |
_c125378 _d125378 |
||